00362pab a2200133 454500008004000000100001800040245005200058260000900110300001300119362001000132650003000142650002200172773003400194180718b2004 xxu||||| |||| 00| 0 eng d aAra, Arjumand aMadrasas and making of Muslim identity in India c2004 ap.34-38. a3 Jan aIslamic education - India aIslamic education aEconomic and Political Weekly